000 02861nam2a2200349 4500
001 RU\NLR\bibl\1192701
005 20260407175319.0
010 _a978-5-9758-0435-8
_9500
021 _aRU
_b2007-93147
_95029
035 _a(NLR Aleph) 001179244
090 _a1646797
_c1646797
100 _a20080222d2007 |||y0rusy50 ca
101 0 _arus
_aeng
102 _aRU
105 _ay |||||||||
200 1 _aИнновационные технологии обучения в системе лингво-риторической подготовки в неязыковом вузе
_e[на основе конференций
_fредкол.: проф. А. С. Борщов (отв. ред.) и др.]
210 _d2007
_aБ. м.
215 _a90, [1] с.
300 _aВ надзаг.:... Ин-т социал. и произв. менеджмента, Лингв. учеб.-науч. центр
300 _aЧасть текста на англ. яз.
320 _aБиблиогр. в конце ст. и в подстроч. прим.
461 0 _1001RU\NLR\bibl\1222563
_12001#$aПерспективы общественного развития в эпоху столкновения цивилизаций$vЧ. 3
_965465
_cСаратов
_d2007
_fредкол.: проф. Елютина М. Э. (отв. ред.) и др.]
_nНаучная книга
_oсборник научных работ : [на основе Всероссийской научной конференции - школы молодых ученых "Актуальные проблемы социально-гуманитарных наук" (март 2007), материалов Четвертых Аскинских чтений "Время - Пространство - Ценности цивилизаций" (октябрь 2006) : в 3 ч.
_tПерспективы общественного развития в эпоху столкновения цивилизаций
_vЧ. 3
606 1 _aЯзыки
_jСъезды, совещания и т.п.
_xПреподавание
_xВысшая школа
_91996387
_3RU\NLR\auth\661202344
686 _aЧ486.11/17я431
711 1 2 _a"Инновационные технологии обучения в системе лингво-риторической подготовки в неязыковом вузе", международная научная конференция
_eСаратов
_f2007
_9725923
_3RU\NLR\AUTH\8810113162
712 0 2 _4570
_aСаратовский государственный технический университет
_bИнститут социального и производственного менеджмента
_9589519
_3RU\NLR\AUTH\8810045044
801 0 _aRU
_bNLR
_c20080222
_gRCR
801 1 _aRU
_bNLR
_c20080222
942 _cBOOK
980 _aNB